000 00596nam#a2200241#c#4500
003 IEF
005 20180219155336.0
008 950601s1983 uuu####fr####| 0||u| SPA|u
017 _aM. 30.596 - 198
020 _a843590346X
040 _aIEF
041 _aSPA
100 1 _aMesa Lago, Carmelo
_929316
245 _aLa economía de Cuba socialista
260 _a[Madrid
_b Playor]
_c1983
300 _a307 p.
_c 21 cm
490 _aBiblioteca cubana contemporánea
650 4 _aCUBA
_941222
650 4 _aSITUACION ECONOMICA
_948445
942 _cLIB
942 _z52643
999 _c47883
_d47883